000 00475nam a22002057a 4500
001 22127
005 20260324115628.0
008 260324b |||||||| |||| 00| 0 spa d
041 _aESP
082 _a720.1
_bS83
100 _aStroeter, Joao Rodolfo
_eAUT
245 _aTeorías sobre arquitectura
260 _a :
_b ,
_c2011
300 _a214 páginas :
_b ;
_c23 cm.
440 _a ;
650 _aADE
654 _aCAU
700 _a;
942 _cLIB
_dJUS
_fJUS
_2ddc
999 _c22127
_d22127